| 000 | 00958nas a2200301 4500 | ||
|---|---|---|---|
| 001 | BR0205329 | ||
| 003 | BR-BrBNA | ||
| 005 | 20231205103336.0 | ||
| 007 | ta | ||
| 008 | 230509b bl.|||p| |||| 00| 00por d | ||
| 040 |
_aBR-BrBNA _bpor _cBiblioteca Nacional de Agricultura |
||
| 041 | _a(Pt) | ||
| 072 | _aS30 | ||
| 100 | 1 | _aMendes, A.C.R. | |
| 100 | 1 | _aBiscontini, T.M.B. | |
| 100 | 1 | _aMiranda, M.S. | |
| 245 | 1 | _aÁcidos graxos transisômeros em alimentos: conteúdo, consumo e implicações nas doenças cardiovasculares | |
| 650 | _aÓLEO VEGETAL | ||
| 650 | _aNUTRIÇÃO HUMANA | ||
| 650 | _aGORDURA VEGETAL | ||
| 650 | _aALIMENTO PREPARADO | ||
| 650 | _aÁCIDO GRAXO | ||
| 650 | _aCONSUMO | ||
| 650 | _aCARDIOPATIA | ||
| 773 | 0 |
_tBoletim do Centro de Pesquisa e Processamento de Alimentos (Brazil) _xISSN 0102-0323 _g(Jan-Jun 2002), v. 20(1) p. 121-132 _wBR0205329 |
|
| 909 |
_a202311 _bLúcia _c55 _dLúcia Elande |
||
| 942 |
_2AGRIS _n0 _cANA |
||
| 999 |
_c172361 _d172361 |
||